| 000 | 00613nam a22001937a 4500 | ||
|---|---|---|---|
| 003 | OSt | ||
| 005 | 20250818072314.0 | ||
| 008 | 250818b |||||||| |||| 00| 0 eng d | ||
| 020 | _a1-903141-65-6. | ||
| 040 |
_aDWCL MAIN LIB _cOC |
||
| 082 | _aCirc. 641.659 B877e 2008 | ||
| 100 | _aBROWN, KATHY | ||
| 245 |
_aEdible flowers : _b 25 recipes and an A-Z pictorial directory of culinary flora / _cBROWN, KATHY |
||
| 260 |
_aLondon : _bAquamarine, _c c2008. |
||
| 300 |
_a160 pages : _bcolor illustrations ; _c 30 cm. |
||
| 504 | _aIncludes index. | ||
| 648 | _2Cooking--Flowers. | ||
| 942 |
_2ddc _cBK-CIRC _kCirc. _n0 |
||
| 999 |
_c4025 _d4025 |
||